000 02130cam a22003252u 4500
001 a6132336
003 CO-ViMGA
005 20230915233614.0
008 180314s2012 sp |||||o|||| ||| ||spa d
020 _a9789585783027
040 _aCO-ViMGA
_bspa
_cCO-ViMGA
041 1 _heng
082 0 4 _a813 D554m
100 1 _aDicks, Matthew
_4aut
_d1971-
_91133
240 1 0 _aMemoirs of an imaginary friend
_lEspañol
245 1 0 _aMemorias de un amigo imaginario /
_cMatthew Dicks ; traducción de Victoria Alonso Blanco
260 _aBarcelona
_bNube de Tinta
_c2018
300 _a427 p. :
_b22 cm.
520 _a "Max solo tiene ocho años y no es como los demás niños. Él vive para dentro y cuanto menos le molesten, mucho mejor. No le gustan los cambios, las sorpresas, los ruidos, que lo toquen ni que le hagan hablar por hablar. Si alguien le preguntara cuándo es más feliz, seguro que diría que jugando con sus legos y planeando batallas entre ejércitos enemigos. Max no tiene amigos, porque nadie lo entiende y todos, hasta los profesores y sus propios padres, quieren que sea de otra manera. Solo me tiene a mí, que soy su amigo desde hace cinco años. Ahora sé que Max corre peligro y solo yo lo puedo ayudar. El problema es que Max es el único que puede verme y oírme. Tengo mucho miedo por él, pero sobre todo por mí. Los padres de Max dicen que soy un amigo imaginario".
534 _tMemoir of an imaginary friend
650 1 4 _a Novela juvenil estadounidense
_ySiglo XX
_91134
650 1 4 _aAmistad en la literatura
_91136
650 1 4 _aLiteratura juvenil estadounidense
_ySiglo XX
_91135
653 _aRelatos de terror y fantasmas, obras de suspense (infantil/juvenil)
653 _aRelatos románticos y de relaciones interpersonales (infantil/juvenil)
653 _aThriller (infantil/juvenil)
700 1 _aAlonso Blanco, Victoria
_etraductor
_4trl
_91137
856 4 1 _yAcceso al documento electrónico
_uhttp://repositorio.dl-e.es/epub.vm?id=0000015128.epub
_zAcceso y/o uso restringido, disponible sólo desde la Biblioteca Nacional de España y los centros de conservación
942 _2ddc
_cBK
999 _c37364
_d37364